| 000 | 00646nam a2200217Ia 4500 | ||
|---|---|---|---|
| 005 | 20220919155702.0 | ||
| 008 | 210716s2006 xx 000 0 und d | ||
| 020 | _a8131702324 | ||
| 040 | _cAIMIT LIBRARY | ||
| 041 | _aeng | ||
| 082 |
_a005.364 _22 _bBOOG |
||
| 100 |
_aBooch, Grady. _957944 |
||
| 245 |
_aObject oriented analysis and design : _bwith application / _cBy Grady Booch. |
||
| 250 | _a2nd ed. | ||
| 260 |
_aNew Delhi : _bPearson Education , _c2006. |
||
| 300 |
_a547 p.; _c25 cm. |
||
| 650 |
_aObject model _957945 |
||
| 650 |
_aClasses and objects _957946 |
||
| 650 |
_aPragmatics _957947 |
||
| 942 |
_2ddc _cBK _e2nd _k005.364 BOOG |
||
| 999 |
_c187943 _d187943 |
||